[Event "Ruhrgebiet Regionalliga 1819"]
[Site "Nordrheinwestfalen"]
[Date "2019.04.07"]
[Round "9.3"]
[White "Dewenter, Ulf"]
[Black "Buschmann, Andreas"]
[Result "1-0"]
[WhiteElo "2122"]
[BlackElo "2011"]
[PlyCount "69"]
[EventDate "2018.09.02"]
[EventType "team-tourn"]
[EventRounds "11"]
[EventCountry "GER"]
[SourceTitle "EXT 2022"]
[Source "ChessBase"]
[SourceDate "2021.10.06"]
[SourceVersion "1"]
[SourceVersionDate "2021.10.06"]
[SourceQuality "1"]
[WhiteTeam "Borbeck Weisse Dame"]
[BlackTeam "Horst Emscher"]
[WhiteTeamCountry "GER"]
[BlackTeamCountry "GER"]

1. d4 Nf6 2. c4 g6 3. Nc3 Bg7 4. e4 0-0 5. Nf3 d6 6. Be2 e5 7. 0-0 Nc6 8. Be3 Ne8 9. d5 Ne7 10. Nd2 f5 11. f3 f4 12. Bf2 g5 13. c5 h5 14. Rc1 Rf7 15. cxd6 cxd6 16. Kh1 Ng6 17. a4 Bf8 18. Nb5 b6 19. b4 Nf6 20. Qc2 Bd7 21. Qc7 g4 22. Qxd8 Rxd8 23. Nxa7 Bxa4 24. Nc6 Rc8 25. b5 g3 26. Bg1 gxh2 27. Bxh2 Nd7 28. Ra1 Ra8 29. Nc4 Rg7 30. Nb2 Nc5 31. Bg1 Bxb5 32. Bxb5 Rxa1 33. Rxa1 Nh4 34. Bf1 Nb3 35. Rd1 1-0

[Event "Ruhrgebiet Regionalliga 1617"]
[Site "Germany"]
[Date "2017.02.05"]
[Round "6.2"]
[White "Dewenter, Ulf"]
[Black "Wittenberg, Andreas"]
[Result "1/2-1/2"]
[WhiteElo "2122"]
[BlackElo "2184"]
[PlyCount "77"]
[EventDate "2016.09.11"]
[EventType "team-tourn"]
[EventRounds "9"]
[EventCountry "GER"]
[SourceTitle "EXT 2022"]
[Source "ChessBase"]
[SourceDate "2021.10.06"]
[SourceVersion "1"]
[SourceVersionDate "2021.10.06"]
[SourceQuality "1"]
[WhiteTeam "Borbeck Weisse Dame"]
[BlackTeam "Muelheim Nord III"]
[WhiteTeamCountry "GER"]
[BlackTeamCountry "GER"]

1. e4 e6 2. d4 d5 3. Nc3 Nc6 4. Nf3 Nf6 5. Bd3 Nb4 6. 0-0 Be7 7. Re1 0-0 8. exd5 Nxd3 9. Qxd3 exd5 10. Bg5 c6 11. a4 Be6 12. Ne5 Nh5 13. Bxe7 Qxe7 14. a5 Qd6 15. Qf3 Nf6 16. Ne2 Ne4 17. Ng3 f6 18. Nd3 Ng5 19. Qf4 Qxf4 20. Nxf4 Bd7 21. f3 Rae8 22. Kf2 Nf7 23. Rxe8 Rxe8 24. b4 Nd6 25. Re1 Rxe1 26. Kxe1 Kf7 27. c3 g5 28. Nd3 Kg6 29. Kd2 h5 30. Nf1 Nc4+ 31. Ke2 Bf5 32. Ne3 Nxe3 33. Kxe3 Bxd3 34. Kxd3 Kf5 35. Ke3 b5 36. g3 a6 37. h3 Kg6 38. g4 h4 39. Kd3 1/2-1/2

[Event "Ruhrgebiet Regionalliga 1617"]
[Site "Germany"]
[Date "2016.10.02"]
[Round "2.2"]
[White "Kemna, Guido"]
[Black "Dewenter, Ulf"]
[Result "1-0"]
[WhiteElo "2150"]
[BlackElo "2122"]
[PlyCount "129"]
[EventDate "2016.09.11"]
[EventType "team-tourn"]
[EventRounds "9"]
[EventCountry "GER"]
[SourceTitle "EXT 2022"]
[Source "ChessBase"]
[SourceDate "2021.10.06"]
[SourceVersion "1"]
[SourceVersionDate "2021.10.06"]
[SourceQuality "1"]
[WhiteTeam "Welper SV"]
[BlackTeam "Borbeck Weisse Dame"]
[WhiteTeamCountry "GER"]
[BlackTeamCountry "GER"]

1. e4 e5 2. Nf3 Nc6 3. d4 exd4 4. Nxd4 Nf6 5. Nc3 Bb4 6. Nxc6 bxc6 7. Bd3 d6 8. 0-0 Ng4 9. Qf3 Qf6 10. Qxf6 Nxf6 11. Ne2 d5 12. Ng3 0-0 13. Bg5 Nd7 14. Bf4 Ba5 15. c3 Nc5 16. Bc2 Bb6 17. Rfe1 Rb8 18. b4 Ne6 19. Bd2 d4 20. Nf5 c5 21. a3 dxc3 22. Bxc3 cxb4 23. axb4 c5 24. Be5 Rb7 25. Ba4 cxb4 26. Bc6 a5 27. Bxb7 Bxb7 28. Nd6 f6 29. Bb2 Ba6 30. Rec1 Bd4 31. Rxa5 Bxb2 32. Rb1 Be5 33. Rxa6 Nc5 34. Rc6 Nd3 35. Rb3 Bc3 36. Nb5 Ra8 37. Nxc3 bxc3 38. h3 Ra1+ 39. Kh2 Nxf2 40. Rb4 Nd1 41. Rd4 h6 42. Kg3 Kh7 43. Kf3 Rc1 44. Rd7 c2 45. Rdc7 Nb2 46. Rxc2 Rxc2 47. Rxc2 Nd3 48. Rc7 h5 49. g3 Kh6 50. Ke3 Ne5 51. Kf4 Kg6 52. Ra7 Nd3+ 53. Ke3 Ne5 54. Ra8 Kg5 55. Ra5 Kg6 56. Rd5 Kg5 57. Kd4 h4 58. gxh4+ Kf4 59. Rxe5 fxe5+ 60. Kd5 g6 61. h5 gxh5 62. h4 Kg4 63. Kxe5 Kxh4 64. Kf4 Kh3 65. e5 1-0

[Event "Ruhrgebiet Regionalliga 1516"]
[Site "Germany"]
[Date "2016.03.13"]
[Round "7.2"]
[White "Dewenter, Ulf"]
[Black "Hahn, Matthias"]
[Result "0-1"]
[WhiteElo "2134"]
[BlackElo "1992"]
[PlyCount "142"]
[EventDate "2015.09.13"]
[EventType "team-tourn"]
[EventRounds "9"]
[EventCountry "GER"]
[SourceTitle "EXT 2022"]
[Source "ChessBase"]
[SourceDate "2021.10.06"]
[SourceVersion "1"]
[SourceVersionDate "2021.10.06"]
[SourceQuality "1"]
[WhiteTeam "Borbeck Weisse Dame"]
[BlackTeam "Bochum-Linden"]
[WhiteTeamCountry "GER"]
[BlackTeamCountry "GER"]

1. e4 e5 2. Nf3 Nc6 3. c3 d5 4. Qa4 f6 5. d3 Be6 6. Be2 Bd6 7. 0-0 Nge7 8. Nbd2 0-0 9. Re1 Qd7 10. Qc2 a5 11. b3 Bc5 12. Rb1 Kh8 13. a3 Ng6 14. b4 axb4 15. cxb4 Bb6 16. Nb3 f5 17. Nc5 Bxc5 18. Qxc5 b6 19. Qc3 d4 20. Qc2 Nce7 21. Ng5 Bg8 22. exf5 Qxf5 23. Bf3 Nd5 24. Be4 Qf6 25. Bxg6 Qxg6 26. Rxe5 Qf6 27. Re1 Nc3 28. Ne4 Nxe4 29. dxe4 c5 30. e5 Qc6 31. bxc5 bxc5 32. Bb2 Rac8 33. Rbd1 Be6 34. Bxd4 cxd4 35. Qxc6 Rxc6 36. Rxd4 Rfc8 37. f3 Kg8 38. Kf2 Rc2+ 39. Re2 Rxe2+ 40. Kxe2 Ra8 41. h4 Rxa3 42. g3 h5 43. Kf2 Kf7 44. g4 hxg4 45. fxg4 Ra5 46. Re4 Bd5 47. Re3 Ra4 48. Kg3 Ke7 49. Kh3 Be6 50. Rg3 Re4 51. h5 Rxe5 52. Kh4 Kf7 53. Rf3+ Kg8 54. Rg3 Kh7 55. Rg1 Kh6 56. Rg2 Rg5 57. Rg1 Bxg4 58. Rxg4 Rxh5+ 59. Kg3 Rg5 60. Kh4 Rxg4+ 61. Kxg4 Kg6 62. Kf4 Kh5 63. Kf3 Kg5 64. Kg3 g6 65. Kf3 Kh4 66. Kg2 Kg4 67. Kh2 Kf3 68. Kh3 g5 69. Kh2 g4 70. Kg1 Kg3 71. Kh1 Kf2 0-1

[Event "Bad Woerishofen op 30th"]
[Site "Bad Woerishofen"]
[Date "2014.03.21"]
[Round "1"]
[White "Dewenter, Ulf"]
[Black "Gerhards, Walter"]
[Result "1-0"]
[WhiteElo "2178"]
[BlackElo "1911"]
[PlyCount "53"]
[EventDate "2014.03.21"]
[EventType "swiss"]
[EventRounds "9"]
[EventCountry "GER"]
[SourceTitle "CBM 159 Extra"]
[Source "ChessBase"]
[SourceDate "2014.04.24"]
[SourceVersion "1"]
[SourceVersionDate "2014.04.24"]
[SourceQuality "1"]

1. f4 c5 2. Nf3 Nc6 3. e4 d6 4. Nc3 g6 5. Bb5 Bd7 6. 0-0 Bg7 7. Bxc6 Bxc6 8. d3 Nf6 9. Qe1 0-0 10. Qh4 Qd7 11. h3 Ne8 12. f5 e6 13. Bh6 exf5 14. exf5 Qd8 15. Ng5 Qf6 16. Bxg7 Qxg7 17. f6 Qh8 18. Qh6 Nc7 19. Rae1 Rae8 20. Re7 Nd5 21. Nxd5 Bxd5 22. c4 Bc6 23. Ne6 Rd8 24. Nxf8 Rxf8 25. g4 Rd8 26. g5 d5 27. Rfe1 1-0

[Event "Ruhrgebiet Regionalliga 1314"]
[Site "Ruhrgebiet"]
[Date "2013.10.20"]
[Round "2.5"]
[White "Georg, Heinz"]
[Black "Dewenter, Ulf"]
[Result "0-1"]
[WhiteElo "2146"]
[BlackElo "2092"]
[PlyCount "74"]
[EventDate "2013.09.22"]
[EventType "team-tourn"]
[EventRounds "9"]
[EventCountry "GER"]
[SourceTitle "EXT 2024"]
[Source "ChessBase"]
[SourceDate "2023.10.10"]
[SourceVersion "1"]
[SourceVersionDate "2023.10.10"]
[SourceQuality "1"]
[WhiteTeam "Kamen"]
[BlackTeam "Borbeck Weisse Dame"]
[WhiteTeamCountry "GER"]
[BlackTeamCountry "GER"]

1. e4 e6 2. d4 d5 3. Nc3 Nc6 4. Nf3 Nf6 5. Bg5 Be7 6. exd5 exd5 7. Bb5 0-0 8. h3 Ne4 9. Bxe7 Nxe7 10. Nxe4 dxe4 11. Ne5 c5 12. 0-0 cxd4 13. Qe2 Qd5 14. Ng4 Bxg4 15. hxg4 d3 16. Bxd3 exd3 17. Qxe7 dxc2 18. Rfe1 Rac8 19. b3 a5 20. Rac1 a4 21. Qe4 Qxe4 22. Rxe4 Rfd8 23. Kh2 axb3 24. axb3 Rd2 25. Kg3 f5 26. Rc4 Rxc4 27. bxc4 fxg4 28. f3 gxf3 29. Kxf3 Kf7 30. g3 Kf6 31. Ke3 Rg2 32. Kf3 Rh2 33. Ke4 h5 34. Kd5 Kf5 35. Rf1+ Kg4 36. Kc5 Rg2 37. Kb6 Rxg3 0-1

[Event "Ruhrgebiet Regionalliga 1213"]
[Site "Nordrheinwestfalen"]
[Date "2013.04.14"]
[Round "8.6"]
[White "Kamper, Marco"]
[Black "Dewenter, Ulf"]
[Result "0-1"]
[WhiteElo "1788"]
[BlackElo "2067"]
[PlyCount "42"]
[EventDate "2012.09.09"]
[EventType "team-tourn"]
[EventRounds "9"]
[EventCountry "GER"]
[SourceTitle "EXT 2020"]
[Source "ChessBase"]
[SourceDate "2019.10.17"]
[SourceVersion "1"]
[SourceVersionDate "2019.10.17"]
[SourceQuality "1"]
[WhiteTeam "Recklinghausen Laeufer Ost"]
[BlackTeam "Weisse Dame Borbeck"]
[WhiteTeamCountry "GER"]
[BlackTeamCountry "GER"]

1. d4 d5 2. Bg5 f6 3. Bf4 Nc6 4. Nf3 Bg4 5. Nc3 Qd7 6. Qd2 0-0-0 7. e3 Bxf3 8. gxf3 e5 9. dxe5 fxe5 10. Bg5 Nf6 11. f4 Bb4 12. Bxf6 gxf6 13. fxe5 fxe5 14. a3 Ba5 15. b4 Nxb4 16. axb4 Bxb4 17. Rxa7 Kb8 18. Ra2 d4 19. Ke2 Qc6 20. Rg1 dxc3 21. Qc1 Qc4+ 0-1

[Event "Bad Woerishofen op 28th"]
[Site "Bad Woerishofen"]
[Date "2012.03.05"]
[Round "4"]
[White "Dewenter, Ulf"]
[Black "Meister, Jakob"]
[Result "0-1"]
[WhiteElo "2146"]
[BlackElo "2494"]
[PlyCount "66"]
[EventDate "2012.03.02"]
[EventType "swiss"]
[EventRounds "9"]
[EventCountry "GER"]
[SourceTitle "EXT 2019"]
[Source "ChessBase"]
[SourceDate "2018.10.10"]
[SourceVersion "1"]
[SourceVersionDate "2018.10.10"]
[SourceQuality "1"]

1. Nf3 d6 2. g3 e5 3. Bg2 f5 4. d4 e4 5. Ng1 d5 6. Nh3 Be7 7. c4 dxc4 8. 0-0 Nc6 9. e3 Nf6 10. Nd2 Be6 11. Qe2 Na5 12. f3 exf3 13. Qxf3 0-0 14. Qe2 g6 15. Nf4 Bf7 16. Nf3 Nd5 17. Ne5 Nxf4 18. gxf4 Bd5 19. Bd2 Nc6 20. Bxd5+ Qxd5 21. Nxc6 Qxc6 22. Rfc1 b5 23. b3 Ba3 24. bxc4 Bxc1 25. cxb5 Qe6 26. Rxc1 Qxa2 27. Rxc7 Rac8 28. Rc6 Qd5 29. Bb4 Rxc6 30. bxc6 Rc8 31. Bc5 Rxc6 32. Qb5 Rc8 33. Qa6 Rb8 0-1

[Event "Bad Woerishofen op 28th"]
[Site "Bad Woerishofen"]
[Date "2012.03.04"]
[Round "3"]
[White "Fenske, Wolfgang"]
[Black "Dewenter, Ulf"]
[Result "0-1"]
[WhiteElo "1934"]
[BlackElo "2146"]
[PlyCount "70"]
[EventDate "2012.03.02"]
[EventType "swiss"]
[EventRounds "9"]
[EventCountry "GER"]
[SourceTitle "EXT 2019"]
[Source "ChessBase"]
[SourceDate "2018.10.10"]
[SourceVersion "1"]
[SourceVersionDate "2018.10.10"]
[SourceQuality "1"]

1. Nf3 g6 2. d4 Bg7 3. c4 Nf6 4. Nc3 d5 5. e3 0-0 6. Be2 c6 7. 0-0 Bf5 8. b3 Nbd7 9. Bb2 Rc8 10. Rc1 Re8 11. Bd3 Bg4 12. Be2 Qa5 13. c5 Qc7 14. Nd2 Bxe2 15. Nxe2 b6 16. b4 b5 17. Nb3 e5 18. Re1 e4 19. Nc3 h5 20. h3 Nf8 21. Kh1 Ne6 22. Ne2 Kh7 23. Ra1 Bh6 24. Bc3 Qd7 25. Rg1 Rg8 26. Bd2 g5 27. g3 Nxd4 28. Kg2 Nf3 29. Rh1 Bg7 30. Bc3 Kg6 31. Nbd4 Nxd4 32. Bxd4 Qf5 33. Nc3 g4 34. h4 Qf3+ 35. Kh2 Qxf2# 0-1

[Event "Bad Woerishofen op 28th"]
[Site "Bad Woerishofen"]
[Date "2012.03.03"]
[Round "2"]
[White "Dewenter, Ulf"]
[Black "Mainka, Romuald"]
[Result "0-1"]
[WhiteElo "2146"]
[BlackElo "2481"]
[PlyCount "34"]
[EventDate "2012.03.02"]
[EventType "swiss"]
[EventRounds "9"]
[EventCountry "GER"]
[SourceTitle "EXT 2019"]
[Source "ChessBase"]
[SourceDate "2018.10.10"]
[SourceVersion "1"]
[SourceVersionDate "2018.10.10"]
[SourceQuality "1"]

1. Nf3 e6 2. c4 c5 3. e3 Nf6 4. Nc3 Nc6 5. d4 d5 6. Be2 a6 7. 0-0 dxc4 8. Bxc4 b5 9. Be2 Bb7 10. Re1 Qc7 11. a3 Rd8 12. h3 Be7 13. Bd3 cxd4 14. exd4 Nxd4 15. Nxd4 Rxd4 16. Be3 Rd7 17. Rc1 Qd8 0-1